Films de Claude Lelouch par images - Statistiques

Statistiques générales
  • Ce quiz a été pris 74 fois
  • Le résultat moyen est 3 sur 12
Statistiques - réponses
Par images Réponse % Correct
Un homme et une femme
78%
Itinéraire d'un enfant gâté
63%
L'aventure c'est l'aventure
49%
Les Misérables
27%
La Bonne année
24%
Les Uns et les Autres
21%
Tout ça… pour ça !
17%
Un homme qui me plaît
11%
Roman de gare
6%
Un + une
6%
C'était un rendez-vous
5%
Les plus belles années d'une vie
5%
Aucun quiz correspondant
Distribution des résultats
% des personnes avec chaque résultat
Percentile par nombre de réponses
Votre historique - résultats
Vous n’avez pas pris ce quiz